| 000 | 01544nam a2200325 a 4500 | ||
|---|---|---|---|
| 001 | 000037933 | ||
| 003 | DO-SdBNP | ||
| 005 | 20250626140657.0 | ||
| 007 | ta | ||
| 008 | 130308s2008 dr a 000 0 spa d | ||
| 020 | _a9789945427332 | ||
| 040 |
_aDO-SdBNP _bspa _cBNPHU |
||
| 082 | 4 |
_a972.9304 _bP438a _222 |
|
| 100 | 1 |
_aPérez Memén, Fernando, _d1943- _938744 |
|
| 245 | 1 | 0 |
_aAnexión y restauración de la República : _b(ideas, mentalidades e instituciones) / _cFernando Pérez Memén ; edición a cargo de Héctor Luis Martínez. |
| 260 |
_aSanto Domingo : _bSecretaría de Estado de Cultura , _c2008. |
||
| 300 |
_a158 p. : _bil. ; _c22 cm. |
||
| 490 | 0 | _aMonumento | |
| 500 | _aIncluye referencias bibliográficas y notas al pie de las páginas | ||
| 504 | _aBibliografía : p.151-154 | ||
| 505 | _aPresentación -- Prólogo -- De la idea protectoralista a la anexionista -- Antecedente de la Anexión -- Restablecimiento del orden --colonial -- El fracaso de la Anexión -- Sentido y valor de la guerra de la Restauración -- Santiago : sede del gobierno Restauración -- La ideología de la Restauración. | ||
| 590 | _aInventariado, 2020/YL | ||
| 651 | 0 |
_aRepública Dominicana -- _xHistoria -- _y1844-1930 _91009 |
|
| 651 | 0 |
_aRepública Dominicana _xHistoria _yAnexión a España,1861-1863 _932930 |
|
| 651 | 4 |
_aRepública Dominicana _xHistoria _xRestauración, 1863-1865 _943986 |
|
| 700 | 1 |
_aMartínez, Héctor Luis, _eed. _99580 |
|
| 910 | _aValidado. Control de calidad MFF | ||
| 942 |
_2ddc _cLBS1 |
||
| 956 | _aVMateo | ||
| 999 |
_c37423 _d37423 |
||